Answers Contain "Wolf" or "Wolves" 🐺 - Statistics

General Stats
  • This quiz has been taken 138 times
    80 since last reset
  • The average score is 11 of 20
Answer Stats
Hint Answer % Correct
Enemy of Little Red Riding Hood and the Three Little Pigs Big Bad Wolf
99%
Term for a person who prefers to operate on their own lone wolf
91%
Aesop's fable about a lying shepherd boy The Boy Who Cried Wolf
83%
1756–1791: influential composer of the Classical period Wolfgang Amadeus Mozart
79%
Idiom of Biblical origin: a dangerous person playing innocent wolf in sheep's clothing
74%
1990 Kevin Costner film nominated for 12 Oscars Dances with Wolves
70%
2013 Scorcese film starring Leonardo DiCaprio The Wolf of Wall Street
69%
1985 coming-of-age comedy starring Michael J. Fox Teen Wolf
61%
1982 single by Duran Duran Hungry Like the Wolf
59%
1936 symphonic fairy tale for children by Sergei Prokofiev Peter and the Wolf
49%
1941 horror film starring Lon Chaney Jr. in the title role The Wolf Man
47%
1989 was the founding of this NBA expansion team Minnesota Timberwolves
43%
1967 was the founding of this "Born to Be Wild" band. Steppenwolf
43%
1949 was the birth year of this Austrian celebrity chef Wolfgang Puck
43%
1948 was the birth year of this political anchor for CNN. Wolf Blitzer
40%
1978 single by Warren Zevon Werewolves of London
36%
1981 comedy horror film written and directed by John Landis An American Werewolf in London
34%
1992 classic first-person-shooter by id Software (pre-Doom) Wolfenstein 3D
34%
2002 was the birth year of this Stranger Things and It actor. Finn Wolfhard
31%
1910–1976: one of the most influential blues musicians ever Howlin' Wolf
14%
No matching quizzes found
Score Distribution
Percent of People with Each Score
Percentile by Number Answered
Your Score History
You have not taken this quiz since the last reset